000 01362nam a2200349Ia 4500
001 ebr10684319
003 CaPaEBR
006 m u
007 cr cn|||||||||
008 060113s2005 dcua sb 000 0 eng d
010 _z 2005908422
020 _z0883851784
020 _z9780883851784
020 _z9781614443032
040 _aCaPaEBR
_cCaPaEBR
035 _a(OCoLC)817962139
050 1 4 _aQA16
_b.F76 2005eb
245 0 0 _aFrom calculus to computers
_h[electronic resource] :
_busing the last 200 years of mathematics history in the classroom /
_cedited by Amy Shell-Gellasch and Dick Jardine.
260 _aWashington, DC :
_bMathematical Association of America,
_cc2005.
300 _axii, 255 p. :
_bill.
490 1 _aMAA notes ;
_v#68
504 _aIncludes bibliographical references.
533 _aElectronic reproduction.
_bPalo Alto, Calif. :
_cebrary,
_d2013.
_nAvailable via World Wide Web.
_nAccess may be limited to ebrary affiliated libraries.
650 0 _aMathematics
_xHistory.
650 0 _aCalculus
_xHistory.
655 7 _aElectronic books.
_2local
700 1 _aShell-Gellasch, Amy.
700 1 _aJardine, Dick.
710 2 _aebrary, Inc.
830 0 _aMAA notes ;
_vno. 68.
856 4 0 _uhttp://site.ebrary.com/lib/rucke/Doc?id=10684319
_zAn electronic book accessible through the World Wide Web; click to view
999 _c13632
_d13632